000 00272nam a2200109Ia 4500
008 190216s9999||||xx |||||||||||||| ||und||
100 _a"Nigam Rs, Narng Sp&Amp;
 Sehgal Vc"
245 0 _aAdvanced Cost Accounting
260 _bNull
_c1981
300 _a680p
942 _cBK
999 _c4910
_d4910